Az AIRMAX Cargo Zrt. raktározásának és raktárgazdálkodásának fejlődése a kezdetektől napjainkig

Bibliográfiai részletek
Szerző: Gál Balázs
További közreműködők: Bányai Dr. Kornél
Dokumentumtípus: Diplomadolgozat
Kulcsszavak:digitális technológia
ellátási lánc - ellátó hálózat
közraktár(ak)
kutatásmódszertan
logisztika
logisztikai szolgáltatások
raktárgazdálkodás
raktárkészlet
raktározás
vállalatirányítási információs rendszer(ek)
Online Access:http://dolgozattar.uni-bge.hu/59633

MARC

LEADER 00000nta a2200000 i 4500
001 dolg59633
005 20260409145333.0
008 260409suuuu hu om 000 hun d
040 |a BGE Dolgozattár Repozitórium  |b hun 
041 |a hu 
100 1 |a Gál Balázs 
245 1 3 |a Az AIRMAX Cargo Zrt. raktározásának és raktárgazdálkodásának fejlődése a kezdetektől napjainkig  |c Gál Balázs  |h [elektronikus dokumentum] 
520 3 |a A szakdolgozatom címe: Az AIRMAX Cargo Zrt. raktározásának és raktárgazdálkodásának fejlődése a kezdetektől napjainkig. A fő célom az lesz, hogy az AIRMAX Cargo Zrt. nevezetű cég raktárának raktárfejlődését bemutassam, a raktár megalapulásától egészen napjainkig, érintve a raktár működésének hatékonyságát, jövőbeni lehetséges fejlődési lehetőségeit. Miért is választottam ezt a témát? Úgy gondolom, mivel kereskedelmi és logisztikai specializációt választottam számomra ez egy teljesen ideális téma és a személyes érdeklődésemet a logisztikai iparágakban csak mélyebben szolgálja. Ezem kívül ezen a munkaterületen szeretnék elhelyezkedni és tudásomat, ismereteimet fejleszteni. A téma aktualitása: Manapság egy ilyen téma az én véleményem szerint rettentően ideális, mivel az utolsó 5 évben rengeteget fejlődött a logisztika a magyar piacon és egy érdekes képet tudnék alkotni egy kiválasztott raktár fejlődésének bemutatásával, olyan módon, hogy a témát megvizsgálom, kutatásokat végzek és véleményt alkotok. 
695 |a digitális technológia 
695 |a ellátási lánc - ellátó hálózat 
695 |a közraktár(ak) 
695 |a kutatásmódszertan 
695 |a logisztika 
695 |a logisztikai szolgáltatások 
695 |a raktárgazdálkodás 
695 |a raktárkészlet 
695 |a raktározás 
695 |a vállalatirányítási információs rendszer(ek) 
700 1 |a Bányai Dr. Kornél  |e ths 
856 4 0 |u http://dolgozattar.uni-bge.hu/59633/1/G%C3%81L_BAL%C3%81ZS_SZAKDOLGOZAT_%20DJW2VQ.pdf  |z Dokumentum-elérés 
856 4 0 |u http://dolgozattar.uni-bge.hu/59633/2/Gal.Balazs.belso.biralat.pdf  |z Dokumentum-elérés 
856 4 0 |u http://dolgozattar.uni-bge.hu/59633/3/G%C3%A1l_Bal%C3%A1zs_bir%C3%A1lat_SK.pdf  |z Dokumentum-elérés